000 00632cam a22002291 4500
001 ne 68001060
003 DLC
005 20260227111839.0
008 881028s1967 xx c 000 0bara
010 _ane 68001060
035 _a(OCoLC)23505927
040 _aDLC
_cMiU
_dDLC
042 _apremarc
050 0 0 _aPJ7862.H3
_bZ83
100 1 _aṬanāḥī, Ṭāhir.
245 1 0 _aṢuwar wa-ẓilāl min ḥayāt Shawqī wa-Ḥāfiz.
260 _c[1967]
300 _a161 p.
_bports.
_c17 cm.
500 _aRomanized.
600 1 0 _aShawqī, Aḥmad,
_d1868-1932.
600 1 0 _aḤāfiẓ Ibrāhīm, Muḥammad,
_d1872?-1932.
999 _c50222
_d50222